[Event "Kiev-Lvov Region Blitz"]
[Site "Kiev"]
[Date "2021.09.15"]
[Round "3"]
[White "Bilyy, Vasyl"]
[Black "Palchuk, Andrii"]
[Result "0-1"]
[WhiteElo "1613"]
[BlackElo "2188"]
[PlyCount "97"]
[EventDate "2021.09.15"]
[EventType "team-match (blitz)"]
[EventRounds "8"]
[EventCountry "UKR"]
[SourceTitle "CBM 204 Extra"]
[Source "ChessBase"]
[SourceDate "2021.11.30"]
[SourceVersion "1"]
[SourceVersionDate "2021.11.30"]
[SourceQuality "1"]
[WhiteTeam "Lvov Region"]
[BlackTeam "Kiev Region"]
[WhiteTeamCountry "UKR"]
[BlackTeamCountry "UKR"]

1. e4 e5 2. Nf3 Nc6 3. Bc4 Nf6 4. Nc3 Bc5 5. d3 h6 6. Be3 Bxe3 7. fxe3 d6 8. d4 0-0 9. d5 Ne7 10. Qd2 Nh7 11. 0-0-0 f5 12. exf5 Nxf5 13. e4 Nh4 14. Nxh4 Qxh4 15. Rdf1 Bd7 16. h3 a6 17. Qe3 Nf6 18. g3 Qg5 19. Qxg5 hxg5 20. Be2 g4 21. hxg4 Nxg4 22. Bxg4 Bxg4 23. Kd2 g6 24. Ke3 Kg7 25. Ne2 Rxf1 26. Rxf1 Rh8 27. Rf2 Rh1 28. Kd2 Rh3 29. c4 Bxe2 30. Kxe2 Rxg3 31. a3 a5 32. Kd2 b6 33. Rf1 Rb3 34. Kc2 Re3 35. b4 Rxe4 36. Kd3 Rd4+ 37. Kc3 a4 38. Rf3 g5 39. Rg3 Kg6 40. Rf3 Rf4 41. Rh3 g4 42. Rh8 Rf7 43. Rg8+ Rg7 44. Rf8 g3 45. Rf1 g2 46. Rg1 Kf5 47. Kd3 Kf4 48. Ke2 Ke4 49. Kf2 0-1

[Event "Kiev-Lvov Region Blitz"]
[Site "Kiev"]
[Date "2021.09.15"]
[Round "4"]
[White "Palchuk, Andrii"]
[Black "Bilyy, Vasyl"]
[Result "1-0"]
[WhiteElo "2188"]
[BlackElo "1613"]
[PlyCount "71"]
[EventDate "2021.09.15"]
[EventType "team-match (blitz)"]
[EventRounds "8"]
[EventCountry "UKR"]
[SourceTitle "CBM 204 Extra"]
[Source "ChessBase"]
[SourceDate "2021.11.30"]
[SourceVersion "1"]
[SourceVersionDate "2021.11.30"]
[SourceQuality "1"]
[WhiteTeam "Kiev Region"]
[BlackTeam "Lvov Region"]
[WhiteTeamCountry "UKR"]
[BlackTeamCountry "UKR"]

1. d4 Nf6 2. c4 e6 3. g3 d5 4. Nf3 c6 5. Bg2 Bd6 6. 0-0 Nbd7 7. Qc2 0-0 8. Nbd2 Re8 9. e4 dxe4 10. Nxe4 Nxe4 11. Qxe4 Nf6 12. Qe2 Qc7 13. Rd1 h6 14. b3 c5 15. Bb2 cxd4 16. Nxd4 Bd7 17. Nc2 Be7 18. Be5 Qc8 19. Nd4 a6 20. Rac1 Ra7 21. c5 Bc6 22. Nxc6 bxc6 23. Rc4 Nd5 24. Rd3 Bf6 25. Rg4 Bxe5 26. Qxe5 Nf6 27. Qxf6 g6 28. Be4 e5 29. Bf5 Qc7 30. Bxg6 fxg6 31. Qxg6+ Kf8 32. Qg8+ Ke7 33. Qg7+ Ke6 34. Rg6+ Kf5 35. Qf6+ Ke4 36. Qf3# 1-0

[Event "Kiev-Lvov Region Rapid"]
[Site "Kiev"]
[Date "2021.09.14"]
[Round "1"]
[White "Palchuk, Andrii"]
[Black "Bilyy, Vasyl"]
[Result "1-0"]
[WhiteElo "2188"]
[BlackElo "1613"]
[PlyCount "101"]
[EventDate "2021.09.14"]
[EventType "team-match (rapid)"]
[EventRounds "4"]
[EventCountry "UKR"]
[SourceTitle "CBM 204 Extra"]
[Source "ChessBase"]
[SourceDate "2021.11.30"]
[SourceVersion "1"]
[SourceVersionDate "2021.11.30"]
[SourceQuality "1"]
[WhiteTeam "Kiev Region"]
[BlackTeam "Lvov Region"]
[WhiteTeamCountry "UKR"]
[BlackTeamCountry "UKR"]

1. d4 Nf6 2. c4 e6 3. g3 d5 4. Nf3 b6 5. Bg2 Bb7 6. 0-0 Bd6 7. Qc2 Nbd7 8. Rd1 0-0 9. Nc3 a6 10. b3 Qe7 11. Bf4 Bxf4 12. gxf4 Ne4 13. Rac1 Rac8 14. cxd5 exd5 15. Nxe4 dxe4 16. Ne5 f5 17. e3 Kh8 18. Nc6 Qd6 19. Na7 Nf6 20. Nxc8 Rxc8 21. h3 Nd5 22. Qe2 h6 23. Re1 Re8 24. f3 Nb4 25. fxe4 Bxe4 26. Bxe4 Rxe4 27. Kf2 Qe7 28. Rcd1 Nd5 29. Qf3 Qb4 30. Qh5 Qf8 31. a3 Kh7 32. b4 g6 33. Qf3 a5 34. bxa5 bxa5 35. Rd3 Qe7 36. Rc1 Qh4+ 37. Kg2 Qe7 38. Kf2 Qh4+ 39. Qg3 Qe7 40. Rc5 Qe6 41. Qf3 Qd6 42. Qd1 g5 43. Qh5 Nf6 44. Qf7+ Kh8 45. Rxc7 Rxf4+ 46. exf4 Qxf4+ 47. Ke1 Qe4+ 48. Kd2 Qg2+ 49. Kc1 Qf1+ 50. Rd1 Qf4+ 51. Kb1 1-0